Tripura's bravehearts: (Record no. 163448)

MARC details
000 -LEADER
fixed length control field 00686nam a2200193 4500
005 - DATE AND TIME OF LATEST TRANSACTION
control field 20190415143441.0
010 ## - LCCN (DPL NO)
LC control number ENG-125058
020 ## - INTERNATIONAL STANDARD BOOK NUMBER
International Standard Book Number 97881220007930
Terms of availability 595.00
035 ## - SYSTEM CONTROL NUMBER
System control number EN-108590
037 ## - SOURCE OF ACQUISITION
Source of stock number/acquisition DBAD/PUB
082 ## - DEWEY DECIMAL CLASSIFICATION NUMBER
Classification number 363.209
100 ## - MAIN ENTRY--PERSONAL NAME
Personal name Vohra, B.L.
245 ## - TITLE STATEMENT
Title Tripura's bravehearts:
Remainder of title a police sucess story of counterinsurgency/
Statement of responsibility, etc by Vohra B.L.
260 ## - PUBLICATION, DISTRIBUTION, ETC. (IMPRINT)
Place of publication, distribution, etc New Delhi
Name of publisher, distributor, etc Konark Publishers
Date of publication, distribution, etc 2011
270 ## - ADDRESS
Address 206, First Floor, Peacock Lane, Shahpur Jat
City New Delhi
Postal code 110049
Telephone number 011-41055065
Electronic mail address india@konarkpublishers.com
300 ## - PHYSICAL DESCRIPTION
Extent xxiii,247p.
Dimensions 24cm.(Hb)
500 ## - GENERAL NOTE
General note includes bibliographical references and index
942 ## - ADDED ENTRY ELEMENTS (KOHA)
Source of classification or shelving scheme Dewey Decimal Classification
Item type English Books
Classification part 363.209
Call number suffix VOH
Holdings
Withdrawn status Lost status Not for loan Collection code Home library Current library Date acquired Source of acquisition Cost, normal purchase price Full call number Barcode Copy number Cost, replacement price Koha item type
    Not For Loan Non-fiction D.B.Act.Division Ashok Vihar 15/04/2019 DBAD/PUB 595.00 363.209 VOH EN-108590 1 595.00 English Books

© Delhi Public Library
Hit Counter
free hit counter